Cross-cultural and intercultural communication

Includes bibliographical references and index

Zapisane w:
Opis bibliograficzny
1. autor: Gudykunst, William B.
Format: Książka
Język:Undetermined
Wydane: Thousand Oaks, Calif. Sage 2003
Hasła przedmiotowe:
Dostęp online:http://lrc.tdmu.edu.vn/opac/search/detail.asp?aID=2&ID=35745
Etykiety: Dodaj etykietę
Nie ma etykietki, Dołącz pierwszą etykiete!
Thư viện lưu trữ: Trung tâm Học liệu Trường Đại học Thủ Dầu Một
LEADER 00728nam a2200205Ia 4500
001 TDMU_35745
008 210410s9999 xx 000 0 und d
082 |a 823.912 
090 |b G506 
100 |a Gudykunst, William B. 
245 0 |a Cross-cultural and intercultural communication 
245 0 |c William B. Gudykunst, editor 
260 |a Thousand Oaks, Calif. 
260 |b Sage 
260 |c 2003 
300 |a ix, 302 p. 
520 |a Includes bibliographical references and index 
650 |a Intercultural communication; Giao tiếp đa văn hóa; Giao thoa văn hóa 
856 |u http://lrc.tdmu.edu.vn/opac/search/detail.asp?aID=2&ID=35745 
980 |a Trung tâm Học liệu Trường Đại học Thủ Dầu Một